000 00523nam a2200205Ia 4500
005 20250923150125.0
008 008 250917s9999 xx 000 0 eng d
037 _aTextual
040 _aDSWL
_beng
_cDSWL
041 _aeng
_2eng
084 _qDSWL
100 _aDesai, Murli
_9842497
245 0 _aIdeologies and Social Work
_c by Murli Desai
260 _aJaipur
_bRawat Book Seller India
_c2002
300 _a235p.
365 _aINR
_b475
925 _g475
942 _cTEXL
999 _c1459823
_d1459823